|
|
|
|
| LEADER |
01662nam a2200469 a 4500 |
| 001 |
nkc20122268368 |
| 003 |
CZ PrNK |
| 005 |
20120126123338.0 |
| 007 |
ta |
| 008 |
120102s2011 xr e f 001 0 cze |
| 015 |
|
|
|a cnb002268368
|
| 020 |
|
|
|a 978-80-87212-98-1
|q (brož.)
|
| 035 |
|
|
|a (OCoLC)776516674
|
| 040 |
|
|
|a OLA001
|b cze
|d ABA001
|
| 043 |
|
|
|a e-xr---
|
| 072 |
|
7 |
|a 347
|x Soukromé právo
|2 Konspekt
|9 16
|
| 080 |
|
|
|a 347.2
|2 MRF
|
| 080 |
|
|
|a 347.9
|2 MRF
|
| 080 |
|
|
|a 347.951
|2 MRF
|
| 080 |
|
|
|a (437.3)
|2 MRF
|
| 080 |
|
|
|a (035)
|2 MRF
|
| 100 |
1 |
|
|a Králík, Michal
|7 mzk2008469155
|4 aut
|
| 245 |
1 |
0 |
|a Uplatňování nároků z věcných práv a rozhodování o nich :
|b vybrané procesněprávní a hmotněprávní souvislosti /
|c Michal Králík
|
| 260 |
|
|
|a Praha :
|b Leges,
|c 2011
|
| 300 |
|
|
|a 336 s. ;
|c 21 cm
|
| 490 |
1 |
|
|a Praktik
|
| 504 |
|
|
|a Obsahuje bibliografické odkazy a rejstřík
|
| 650 |
0 |
7 |
|a věcná práva
|7 ph127353
|z Česko
|2 czenas
|
| 650 |
0 |
7 |
|a občanské soudní řízení
|7 ph123637
|z Česko
|2 czenas
|
| 650 |
0 |
7 |
|a soudní rozhodnutí a stanoviska
|7 ph125859
|z Česko
|2 czenas
|
| 650 |
0 |
9 |
|a rights in rem
|z Czechia
|2 eczenas
|
| 650 |
0 |
9 |
|a civil procedure
|z Czechia
|2 eczenas
|
| 650 |
0 |
9 |
|a judgments
|z Czechia
|2 eczenas
|
| 655 |
|
7 |
|a příručky
|7 fd133209
|2 czenas
|
| 655 |
|
9 |
|a handbooks and manuals
|2 eczenas
|
| 787 |
0 |
|
|a Česko.
|s Občanský zákoník (1964, novela 2011)
|
| 830 |
|
0 |
|a Praktik (Leges)
|0 s
|
| 910 |
2 |
|
|a BOA001
|b 2-1277.698
|
| 990 |
|
|
|a BK
|
| 995 |
|
|
|a 01
|
| 991 |
|
|
|b 201201
|c NOV
|e n
|j 347 KRÁ
|
| 996 |
6 |
|
|b 2610497551
|c 2-1277.698
|l MZK
|r Sklad / do 1 hodiny
|n 0
|p p.v.
|w 001222023
|u 000010
|a 1
|e BOA001
|j MZK50
|s P
|